Les 30 Portugais les + chers de l'histoire - Statistiques

Statistiques générales
  • Ce quiz a été pris 119 fois
  • Le résultat moyen est 20 sur 30
Statistiques - réponses
# Saison De Vers Valeur du transfert Poste Joueur % Correct
2 18/19 Real Madrid CF Juventus Turin 117 000 000 € A Cristiano Ronaldo
100%
3 09/10 Manchester United Real Madrid CF 94 000 000 € A Cristiano Ronaldo
100%
1 19/20 SL Benfica Atlético de Madrid 127 200 000 € A João Félix
94%
15 24/25 Atlético de Madrid Chelsea FC 52 000 000 € A João Félix
94%
12 24/25 SL Benfica Paris Saint-Germain 59 920 000 € M João Neves
93%
13 23/24 Wolverhampton Wanderers Al-Hilal Saudi Club 55 000 000 € M Rúben Neves
91%
22 22/23 FC Porto Paris Saint-Germain 41 500 000 € M Vitinha
88%
17 17/18 AS Monaco Manchester City 50 000 000 € M Bernardo Silva
87%
6 19/20 Sporting CP Manchester United 65 000 000 € M Bruno Fernandes
86%
5 23/24 SL Benfica Paris Saint-Germain 65 000 000 € A Gonçalo Ramos
86%
4 20/21 SL Benfica Manchester City 71 600 000 € D Rúben Dias
81%
11 00/01 FC Barcelona Real Madrid CF 60 000 000 € A Luís Figo
79%
28 17/18 FC Porto AC Milan 38 000 000 € A André Silva
78%
25 20/21 FC Porto Wolverhampton Wanderers 40 000 000 € A Fábio Silva
78%
7 19/20 Juventus Turin Manchester City 65 000 000 € D João Cancelo
77%
24 18/19 Valencia CF Juventus Turin 40 400 000 € D João Cancelo
77%
18 19/20 Lille OSC AC Milan 49 500 000 € A Rafael Leão
72%
27 22/23 Sporting CP Paris Saint-Germain 38 000 000 € D Nuno Mendes
71%
21 20/21 Wolverhampton Wanderers Liverpool FC 44 700 000 € A Diogo Jota
63%
26 18/19 Paris Saint-Germain Valencia CF 40 000 000 € A Gonçalo Guedes
56%
8 23/24 Wolverhampton Wanderers Manchester City 62 000 000 € M Matheus Nunes
50%
19 22/23 Sporting CP Wolverhampton Wanderers 47 400 000 € M Matheus Nunes
50%
9 24/25 Wolverhampton Wanderers Chelsea FC 60 000 000 € A Pedro Neto
50%
16 24/25 Fulham FC FC Bayern Munich 51 000 000 € M João Palhinha
46%
23 01/02 ACF Fiorentina AC Milan 41 320 000 € M Rui Costa
42%
30 17/18 SL Benfica FC Barcelona 35 700 000 € D Nélson Semedo
41%
10 23/24 FC Porto Al-Nassr 60 000 000 € M Otávio
39%
29 16/17 Valencia CF FC Barcelona 37 000 000 € M André Gomes
33%
20 16/17 Sporting CP Inter Milan 44 780 000 € A João Mário
24%
14 26/27 Sporting CP Chelsea FC 52 140 000 € A Geovany Quenda
18%
Aucun quiz correspondant
Distribution des résultats
% des personnes avec chaque résultat
Percentile par nombre de réponses
Votre historique - résultats
Vous n’avez pas pris ce quiz